THE ART OF ꓨNIꓘNIHꓕ CLEARLY / (Record no. 189011)
[ view plain ]
| 000 -LEADER | |
|---|---|
| fixed length control field | 01309pam a2200385 i 4500 |
| 001 - CONTROL NUMBER | |
| control field | vtls000948343 |
| 003 - CONTROL NUMBER IDENTIFIER | |
| control field | PNM |
| 005 - DATE AND TIME OF LATEST TRANSACTION | |
| control field | 20220912105659.0 |
| 008 - FIXED-LENGTH DATA ELEMENTS--GENERAL INFORMATION | |
| fixed length control field | 220110t20222022my e 000 0 eng |
| 015 ## - NATIONAL BIBLIOGRAPHY NUMBER | |
| National bibliography number | M22-04450 |
| 020 ## - INTERNATIONAL STANDARD BOOK NUMBER | |
| International Standard Book Number | 9789674817688 |
| Qualifying information | paperback |
| Terms of availability | RM40.00 |
| 039 #9 - LEVEL OF BIBLIOGRAPHIC CONTROL AND CODING DETAIL [OBSOLETE] | |
| Level of rules in bibliographic description | 202209081213 |
| Level of effort used to assign nonsubject heading access points | sham |
| Level of effort used to assign subject headings | 202206300909 |
| Level of effort used to assign classification | miza_h |
| Level of effort used to assign subject headings | 202206300904 |
| Level of effort used to assign classification | miza_h |
| Level of effort used to assign subject headings | 202204011031 |
| Level of effort used to assign classification | ain |
| 040 ## - CATALOGING SOURCE | |
| Original cataloging agency | BNM |
| Language of cataloging | eng |
| Transcribing agency | BNM |
| Description conventions | rda |
| Modifying agency | PPAK |
| 049 ## - LOCAL HOLDINGS (OCLC) | |
| Holding library | mal |
| 082 04 - DEWEY DECIMAL CLASSIFICATION NUMBER | |
| Classification number | 153.42 |
| Edition number | 23 |
| 090 00 - LOCALLY ASSIGNED LC-TYPE CALL NUMBER (OCLC); LOCAL CALL NUMBER (RLIN) | |
| Classification number (OCLC) (R) ; Classification number, CALL (RLIN) (NR) | 153.42 |
| Feature heading | DOB |
| Feature heading | G |
| 100 1# - MAIN ENTRY--PERSONAL NAME | |
| Personal name | Dobelli, Rolf, |
| Dates associated with a name | 1966- |
| Relator term | author. |
| 245 14 - TITLE STATEMENT | |
| Title | THE ART OF ꓨNIꓘNIHꓕ CLEARLY / |
| Statement of responsibility, etc. | ROLF DOBELLI ; Penterjemah: Norliza Abu Bakar ; Editor Senior: Norashikin Wahid ; Suntingan: Norhayati Mat Nor |
| 246 30 - VARYING FORM OF TITLE | |
| Title proper/short title | Art of thinking clearly |
| 250 ## - EDITION STATEMENT | |
| Edition statement | EDISI BAHASA MELAYU |
| 264 #1 - PRODUCTION, PUBLICATION, DISTRIBUTION, MANUFACTURE, AND COPYRIGHT NOTICE | |
| Place of production, publication, distribution, manufacture | Batu Caves, Selangor : |
| Name of producer, publisher, distributor, manufacturer | PTS Publishing House Sdn. Bhd., |
| Date of production, publication, distribution, manufacture, or copyright notice | 2022 |
| Date of production, publication, distribution, manufacture, or copyright notice | ©2022 |
| 300 ## - PHYSICAL DESCRIPTION | |
| Extent | xxv, 398 pages ; |
| Dimensions | 23 cm. |
| 336 ## - CONTENT TYPE | |
| Content type term | text |
| Source | rdacontent |
| 337 ## - MEDIA TYPE | |
| Media type term | unmediated |
| Source | rdamedia |
| 338 ## - CARRIER TYPE | |
| Carrier type term | volume |
| Source | rdacarrier |
| 650 10 - SUBJECT ADDED ENTRY--TOPICAL TERM | |
| Topical term or geographic name entry element | Reasoning (Psychology) |
| Topical term or geographic name entry element | Errors |
| General subdivision | Psychological aspects |
| Topical term or geographic name entry element | Decision making |
| Topical term or geographic name entry element | Cognition |
| 700 0# - ADDED ENTRY--PERSONAL NAME | |
| Personal name | Norliza Abu Bakar, |
| Relator term | translator. |
| Personal name | Norashikin Wahid, |
| Relator term | editor. |
| Personal name | Norhayati Mat Nor, |
| Relator term | editor. |
| 942 ## - ADDED ENTRY ELEMENTS (KOHA) | |
| Source of classification or shelving scheme | Dewey Decimal Classification |
| Koha item type | Book |
| Withdrawn | Not for loan | Current library | Shelving location | Date acquired | Total Checkouts | Total Renewals | Full call number | Barcode | Date last seen | Date last checked out | Koha item type | Checked out |
|---|---|---|---|---|---|---|---|---|---|---|---|---|
| Perpustakaan Alor Setar | Pinjaman Dewasa | 14/09/2022 | 9 | 2 | 153.42 DOB | A01747794 | 19/10/2025 | 08/09/2025 | Book | |||
| Perpustakaan Awam Sungai Petani | Pinjaman Dewasa | 14/09/2022 | 5 | 2 | 153.42 DOB | A01747795 | 05/01/2026 | 05/01/2026 | Book | 26/01/2026 | ||
| Perpustakaan Baling | Pinjaman Dewasa | 14/09/2022 | 1 | 1 | 153.42 DOB | A01747799 | 25/02/2024 | 14/01/2024 | Book | |||
| Perpustakaan Bandar Baharu | Pinjaman Dewasa | 14/09/2022 | 153.42 DOB | A01747800 | 14/09/2022 | Book | ||||||
| Perpustakaan Jitra | Pinjaman Dewasa | 14/09/2022 | 1 | 153.42 DOB | A01747796 | 11/01/2025 | 23/12/2024 | Book | ||||
| Perpustakaan Kulim | Pinjaman Dewasa | 14/09/2022 | 7 | 3 | 153.42 DOB | A01747798 | 29/03/2026 | 15/02/2026 | Book | |||
| Perpustakaan Langkawi | Pinjaman Dewasa | 14/09/2022 | 1 | 1 | 153.42 DOB | A01747797 | 01/07/2024 | 28/05/2024 | Book | |||
| Perpustakaan Merbok | Pinjaman Dewasa | 14/09/2022 | 2 | 1 | 153.42 DOB | A01747801 | 05/05/2026 | 05/05/2026 | Book | 26/05/2026 | ||
| Perpustakaan Yan | Pinjaman Dewasa | 14/09/2022 | 153.42 DOB | A01747802 | 14/09/2022 | Book |